| 000 | 00566cam a22002051 4500 | ||
|---|---|---|---|
| 001 | ne 63000032 | ||
| 003 | DLC | ||
| 005 | 20260227111739.0 | ||
| 008 | 900509s1962 le 000 0 ararc | ||
| 010 | _ane 63000032 | ||
| 035 | _a(OCoLC)21500847 | ||
| 040 |
_aPrinceton Univ. Libr. _cWaU _dDLC |
||
| 042 | _apremarc | ||
| 050 | 0 | 0 |
_aHM271 _b.H22 |
| 100 | 1 | _aḤaddād, Ibrāhīm. | |
| 245 | 1 | 3 |
_aal-Ḥurriyah ʻinda al-ʻArab _c[taʼlīf] Ibrāhīm Ḥaddād. |
| 260 |
_aBayrūt, _bDār al-Thaqāfah, _c[1962] |
||
| 300 |
_a207 p. _c20 cm. |
||
| 650 | 0 | _aLiberty. | |
| 999 |
_c45399 _d45399 |
||